000 01406cam a2200361 i 4500
001 11637544
003 USPCAS-E
005 20180118181420.0
006 m d
007 cr n
008 150218t20152015enka sb 001 0 eng d
020 _a9780444633736
020 _a9780080999838
035 _a(WaSeSS)ssj0001466833
040 _aCaPaEBR
_beng
_erda
_epn
_cCaPaEBR
_dWaSeSS
050 4 _aTJ265
_b.W568 2015eb
082 0 4 _a621.4021
_223
_bWIN-A 2015
100 1 _aWinterbone, D. E.,
_eauthor.
210 1 0 _aAdvanced thermodynamics for engineers /
245 1 0 _aAdvanced thermodynamics for engineers /
_cDesmond E. Winterbone, Ali Turan.
250 _aSecond edition.
502 _a.
504 _aIncludes bibliographical references and index.
506 _aLicense restrictions may limit access.
650 0 _aThermodynamics.
655 0 _aElectronic books.
700 1 _aTuran, Ali,
_eauthor.
773 0 _teBook - Engineering 2015 [EBCE15]
776 0 8 _iPrint version:
_aWinterbone, Desmond E.
_tAdvanced thermodynamics for engineers.
_bSecond edition.
_dOxford, [England] ; Waltham, Massachusetts : Butterworth-Heinemann, c2015
_hxxvi, 551 pages
_z9780444633736
856 4 0 _uhttp://www.columbia.edu/cgi-bin/cul/resolve?clio11637544
_zFull text available from eBook - Engineering 2015 [EBCE15]
910 _aVendor-generated brief record
942 _2ddc
_cBK
999 _c355989
_d355989